Southville International School and Colleges
Your cart is empty.
  • Cart
  • Lists
    Public lists Eva Luna New books Lux_list list_1
    Your lists Log in to create your own lists
  • Log in to your account
  • Your cookies
  • Search history
Southville International School and Colleges
  • Advanced search
  • Recent comments
  • Most popular
  • Libraries

Log in to your account

Log in with GOOGLE


If you do not have an external account, but do have a local account, you can still log in:

  1. Home
  2. MARC view: A comparative study on the portrayal of wife, husband, and mistress in the korean series and filipino adaptation of two wives /
Normal view MARC view ISBD view

A comparative study on the portrayal of wife, husband, and mistress in the korean series and filipino adaptation of two wives / (Record no. 329720)

[ view plain ]
MARC details
000 -LEADER
fixed length control field 00659nam a2200205Ia 4500
008 - FIXED-LENGTH DATA ELEMENTS--GENERAL INFORMATION
fixed length control field 170504s9999 xx 000 0 und d
050 ## - LIBRARY OF CONGRESS CALL NUMBER
Classification number P 201
050 ## - LIBRARY OF CONGRESS CALL NUMBER
Item number .So686 2016
100 ## - MAIN ENTRY--PERSONAL NAME
Personal name Soliman, Ma. Ivanna Rae.
245 #2 - TITLE STATEMENT
Title A comparative study on the portrayal of wife, husband, and mistress in the korean series and filipino adaptation of two wives /
245 ## - TITLE STATEMENT
Statement of responsibility, etc Ma. Ivanna Rae A. Soliman.
260 ## - PUBLICATION, DISTRIBUTION, ETC. (IMPRINT)
Place of publication, distribution, etc Las Piñas, Philippines :
260 ## - PUBLICATION, DISTRIBUTION, ETC. (IMPRINT)
Name of publisher, distributor, etc SISC,
260 ## - PUBLICATION, DISTRIBUTION, ETC. (IMPRINT)
Date of publication, distribution, etc 2016.
300 ## - PHYSICAL DESCRIPTION
Extent 38 pages :
300 ## - PHYSICAL DESCRIPTION
Other physical details illustrations ;
300 ## - PHYSICAL DESCRIPTION
Dimensions 28 cm.
500 ## - GENERAL NOTE
General note Includes bibliographical references and appendices.
521 ## - TARGET AUDIENCE NOTE
Target audience note Mass Communication

No items available.

A comparative study on the portrayal of wife, husband, and mistress in the korean series and filipino adaptation of two wives /

APA

Soliman M. I. R., .A comparative study on the portrayal of wife, husband, and mistress in the korean series and filipino adaptation of two wives. Las Piñas, Philippines: .

Chicago

Soliman Ma Ivanna Rae, .A comparative study on the portrayal of wife, husband, and mistress in the korean series and filipino adaptation of two wives. Las Piñas, Philippines: .

Harvard

Soliman M. I. R., .A comparative study on the portrayal of wife, husband, and mistress in the korean series and filipino adaptation of two wives. Las Piñas, Philippines: .

MLA

Soliman Ma Ivanna Rae, .Las Piñas, Philippines: . .

  • Print
  • Cite
  • Add to your cart (remove)
  • Save record
    BIBTEX Dublin Core MARCXML MARC (non-Unicode/MARC-8) MARC (Unicode/UTF-8) MARC (Unicode/UTF-8, Standard) MODS (XML) RIS
  • More searches
    Search for this title in:
    Other Libraries (WorldCat) Other Databases (Google Scholar) Online Stores (Bookfinder.com) Open Library (openlibrary.org)

Exporting to Dublin Core...

SOUTHVILLE LIBRARY

Southville International School and Colleges Library

1281 Tropical Ave. Cor. Luxembourg St., BF Homes International, Las Pinas City

Tel. No. 8256374 / 252358 Loc. 117/146

Powered by Koha